Электромагниты с замедлением
| 主要作者: | |
|---|---|
| 語言: | 俄语 |
| 出版: |
Москва, Энергия, 1970
|
| 主題: | |
| 格式: | 圖書 |
| KOHA link: | https://koha.lib.tpu.ru/cgi-bin/koha/opac-detail.pl?biblionumber=303143 |
MARC
| LEADER | 00000nam0a2200000 4500 | ||
|---|---|---|---|
| 001 | 303143 | ||
| 005 | 20241112132728.0 | ||
| 035 | |a (RuTPU)RU\TPU\book\328363 | ||
| 090 | |a 303143 | ||
| 100 | |a 20150831d1970 km y0rusy50 ca | ||
| 101 | 0 | |a rus | |
| 102 | |a RU | ||
| 105 | |a a z 001zy | ||
| 200 | 1 | |a Электромагниты с замедлением |f Д. В. Орлов | |
| 210 | |a Москва |c Энергия |d 1970 | ||
| 215 | |a 97 с. |c ил. | ||
| 320 | |a Библиогр.: с. 95-96. | ||
| 610 | |a Электромагниты | ||
| 675 | |a 621.318.3 |v 3 | ||
| 700 | 1 | |a Орлов |b Д. В. |g Дмитрий Васильевич | |
| 801 | 1 | |a RU |b 63413507 |c 20150831 | |
| 801 | 2 | |a RU |b 63413507 |c 20230221 |g RCR | |
| 942 | |c BK | ||